书目信息 |
| 题名: |
博弈论
|
|
| 作者: | 弗登博格 , 泰勒尔 , 弗登博格 著 ;黄涛 译 | |
| 分册: | ||
| 出版信息: | 北京 中国人民大学出版社 2010 |
|
| 页数: | 476页 | |
| 开本: | 26cm | |
| 丛书名: | 经济科学译丛 | |
| 单 册: | ||
| 中图分类: | F224.32 | |
| 科图分类: | ||
| 主题词: | 博弈论--应用--经济 , 博弈论 , 经济 | |
| 电子资源: | ||
| ISBN: | 978-7-300-11785-0 | |
| 000 | 01209oam2 2200325 450 | |
| 001 | 138962 | |
| 005 | 20140903083823.50 | |
| 010 | @a978-7-300-11785-0@dCNY 68.00 | |
| 100 | @a20101122d2010 em y0chiy50 ea | |
| 101 | 1 | @achi@ceng |
| 102 | @aCN@b110000 | |
| 105 | @ay z 000yy | |
| 200 | 1 | @a博弈论@Abo yi lun@b专著@dGame theory@f弗登博格(Drew Fudenberg),让·梯若尔(Jean Tirole)著@Ffu deng bo ge(Drew Fudenberg),rang·ti ruo er(Jean Tirole)zhu@g黄涛[等]译@zeng |
| 210 | @a北京@c中国人民大学出版社@d2010 | |
| 215 | @a476页@d26cm | |
| 225 | 2 | @a经济科学译丛 |
| 300 | @a“十一五”国家重点图书出版规划项目 | |
| 330 | @a本书涵盖了非合作博弈的全部重要内容,包括策略式博弈、纳什均衡、博弈完美性、重复博弈以及不完全信息博弈等内容。 | |
| 410 | 0 | @1001012000044542 |
| 510 | 1 | @aGame theory@zeng |
| 606 | 0 | @a博弈论@x应用@x经济 |
| 606 | 0 | @a博弈论 |
| 606 | 0 | @a经济 |
| 690 | @aF224.32@v4 | |
| 701 | 0 | @c(美)@a弗登博格@Afu deng bo ge@c(Fudenberg, Drew)@4著 |
| 701 | 0 | @c(法)@a泰勒尔@Atai le er@c(Tirole, Jean@f1953 )@4著 |
| 701 | 0 | @a弗登博格@Afu deng bo ge@bDrewFudenberg@4著 |
| 702 | 0 | @a黄涛@Ahuang tao@c(经济数学)@4译 |
| 801 | 0 | @aCN@b110019@c20140903 |
| 905 | @a241430@dF224.32@eF580 | |
| 博弈论=Game theory/弗登博格(Drew Fudenberg),让·梯若尔(Jean Tirole)著/黄涛[等]译.-北京:中国人民大学出版社,2010 |
| 476页;26cm.-(经济科学译丛) |
| “十一五”国家重点图书出版规划项目 |
| ISBN 978-7-300-11785-0:CNY 68.00 |
| 本书涵盖了非合作博弈的全部重要内容,包括策略式博弈、纳什均衡、博弈完美性、重复博弈以及不完全信息博弈等内容。 |
| ● |
| 相关链接 |
|
|
|
正题名:博弈论
索取号:F224.32/F580
 
预约/预借
| 序号 | 登录号 | 条形码 | 馆藏地/架位号 | 状态 | 备注 |
| 1 | 0828215 | 208282151 | 社科库409/409社科库 73排2列2层/ [索取号:F224.32/F580] | 在馆 | |
| 2 | 0828216 | 208282160 | 管理学院资料室/409社科库 73排1列3层/ [索取号:F224.32/F580] | 在馆 | |
| 3 | 0828217 | 208282179 | 社科库409/409社科库 100排5列2层/ [索取号:F224.32/F580] | 在馆 |